Aus verbotenen Büchern : ein unbekanntes Kapitel der deutschen Literaturgeschichte /

Další autoři: Kaiser, Bruno, 1911-1982
Jazyk: Němčina
Vydáno: Berlin : Rütten & Loening, 1957
Vydání: 1. Aufl.
Fyzický popis: 145 s., příl.
Knihy
Uloženo v:
LEADER 00676nam a22002052a 4500
001 001423953
003 CZ BrMZK
005 20141118133820.0
007 ta
008 140929s1957 gw f er|||||||||||ger d
040 |a BOA001  |b cze 
245 0 0 |a Aus verbotenen Büchern :  |b ein unbekanntes Kapitel der deutschen Literaturgeschichte /  |c Hrsg. von Bruno Kaiser 
250 |a 1. Aufl. 
260 |a Berlin :  |b Rütten & Loening,  |c 1957 
300 |a 145 s., příl. 
700 1 |a Kaiser, Bruno,  |d 1911-1982  |7 mzk2013784471  |4 edt 
910 |a BOA001  |b 2-0394.312 
990 |a BK 
991 |b 201409 
996 7 |b 2619132910  |c 2-0394.312  |l MZK  |r Sklad / do 24 hodin  |n 0  |w 001458938  |u 000010  |a 1  |e BOA001  |j MZK50  |s A